[Event "Kitchener Winter op"]
[Site "Kitchener CAN"]
[Date "2008.02.16"]
[Round "2"]
[White "Quan Zhe"]
[Black "Pryor, Jamieson"]
[Result "1-0"]
[WhiteElo "2460"]
[BlackElo "1827"]
[PlyCount "49"]
[GameId "2160767910413472"]
[EventDate "2008.02.15"]
[EventType "swiss"]
[EventRounds "5"]
[EventCountry "CAN"]
[SourceTitle "EXT 2011"]
[Source "ChessBase"]
[SourceDate "2011.11.26"]
[SourceVersion "1"]
[SourceVersionDate "2011.11.26"]
[SourceQuality "1"]

1. d4 Nf6 2. c4 e6 3. Nf3 d5 4. Nc3 c6 5. e3 Nbd7 6. Qc2 Bd6 7. b3 O-O 8. Be2 Re8 9. O-O Nf8 10. e4 dxe4 11. Nxe4 Nxe4 12. Qxe4 Ng6 13. Bb2 Qc7 14. c5 Be7 15. g3 b6 16. Rac1 Bb7 17. h4 Bf6 18. h5 Nf8 19. Ne5 bxc5 20. dxc5 Nd7 21. f4 Qa5 22. b4 Qxa2 23. Qc2 Nxe5 24. fxe5 Bg5 25. Bc4 1-0

[Event "Kitchener Winter op"]
[Site "Kitchener CAN"]
[Date "2008.02.16"]
[Round "2"]
[White "Whissell, Mavros"]
[Black "Becker, Paul"]
[Result "1-0"]
[WhiteElo "1977"]
[BlackElo "2083"]
[PlyCount "113"]
[GameId "2160767910413474"]
[EventDate "2008.02.15"]
[EventType "swiss"]
[EventRounds "5"]
[EventCountry "CAN"]
[SourceTitle "EXT 2011"]
[Source "ChessBase"]
[SourceDate "2011.11.26"]
[SourceVersion "1"]
[SourceVersionDate "2011.11.26"]
[SourceQuality "1"]

1. e4 c5 2. Nc3 Nc6 3. g3 g6 4. Bg2 Bg7 5. d3 d6 6. f4 e6 7. Nf3 Nge7 8. O-O O-O 9. Be3 b5 10. e5 Nd5 11. Bf2 Nxc3 12. bxc3 Rb8 13. Qe2 Re8 14. Nd2 Bb7 15. Ne4 dxe5 16. Nxc5 Qc7 17. Nxb7 Rxb7 18. fxe5 a6 19. Qe4 Rc8 20. d4 Qa5 21. Be1 Qa4 22. Qd3 Rd7 23. Qe2 b4 24. Bf2 bxc3 25. d5 Nxe5 26. dxe6 Rd2 27. exf7+ Nxf7 28. Qe6 Re8 29. Bc6 Rxe6 30. Bxa4 Ree2 31. Rae1 Ng5 32. Rxe2 Rxe2 33. Bb3+ Kh8 34. h4 Nf3+ 35. Kg2 Ne5 36. Re1 Rd2 37. Kf1 Bf6 38. Be3 Rh2 39. Bf4 Rh1+ 40. Ke2 Rxe1+ 41. Kxe1 g5 42. hxg5 Nf3+ 43. Ke2 Nxg5 44. Bd5 Kg7 45. Bc7 Kf8 46. Bb7 Ke7 47. Bxa6 Ne6 48. Bb6 Be5 49. g4 Kd6 50. Bg1 Nf4+ 51. Kf3 Nd5 52. Bc4 h6 53. Bxd5 Kxd5 54. Be3 Bg7 55. Kf4 Kc4 56. Ke4 Bf8 57. Bc1 1-0

[Event "Kitchener Winter op"]
[Site "Kitchener CAN"]
[Date "2008.02.16"]
[Round "2"]
[White "Yuan, Yuanling"]
[Black "Mohammed, Ricardo"]
[Result "1-0"]
[WhiteElo "2194"]
[BlackElo "1934"]
[PlyCount "87"]
[GameId "2160767910413475"]
[EventDate "2008.02.15"]
[EventType "swiss"]
[EventRounds "5"]
[EventCountry "CAN"]
[SourceTitle "EXT 2011"]
[Source "ChessBase"]
[SourceDate "2011.11.26"]
[SourceVersion "1"]
[SourceVersionDate "2011.11.26"]
[SourceQuality "1"]

1. e4 c5 2. Nf3 d6 3. d4 cxd4 4. Nxd4 Nf6 5. Nc3 a6 6. Be3 e5 7. Nb3 Be6 8. f3 Be7 9. Qd2 O-O 10. O-O-O b5 11. g4 b4 12. Nd5 Bxd5 13. exd5 a5 14. Kb1 a4 15. Nc1 Ra5 16. Bc4 Qc7 17. Qxb4 Nbd7 18. Qd2 Rfa8 19. Qe2 Rb8 20. g5 Qb7 21. b3 axb3 22. cxb3 Nxd5 23. Bxd5 Rxd5 24. Rxd5 Qxd5 25. Rd1 Qe6 26. Qc2 d5 27. Nd3 d4 28. Bc1 Qf5 29. Ne1 Qe6 30. Nd3 Qd5 31. Qe2 Bd6 32. h4 Nb6 33. Bb2 Ra8 34. h5 Qe6 35. Qe4 Nd5 36. Rc1 Rd8 37. Ka1 f5 38. gxf6 Nxf6 39. Qe2 Ra8 40. Bxd4 Qxb3 41. Rc8+ Rxc8 42. axb3 Ra8+ 43. Kb1 exd4 44. Qe6+ 1-0

[Event "Kitchener Winter op"]
[Site "Kitchener CAN"]
[Date "2008.02.16"]
[Round "3"]
[White "Becker, Paul"]
[Black "McDonald, Justin"]
[Result "0-1"]
[WhiteElo "2083"]
[BlackElo "2007"]
[PlyCount "120"]
[GameId "2160767910413476"]
[EventDate "2008.02.15"]
[EventType "swiss"]
[EventRounds "5"]
[EventCountry "CAN"]
[SourceTitle "EXT 2011"]
[Source "ChessBase"]
[SourceDate "2011.11.26"]
[SourceVersion "1"]
[SourceVersionDate "2011.11.26"]
[SourceQuality "1"]

1. e4 e5 2. Nf3 Nc6 3. Bb5 a6 4. Ba4 Nf6 5. Qe2 b5 6. Bb3 Be7 7. c3 d6 8. O-O O-O 9. d4 Bg4 10. Rd1 Qc8 11. Bg5 Kh8 12. d5 Nh5 13. Be3 Na5 14. Bc2 Nc4 15. Bc1 Nf4 16. Bxf4 exf4 17. Bd3 Bxf3 18. gxf3 Ne5 19. Kg2 g5 20. h3 Rg8 21. Nd2 g4 22. hxg4 Rxg4+ 23. fxg4 f3+ 24. Qxf3 Nxf3 25. Kxf3 Qd7 26. Rh1 Rg8 27. Rag1 Bg5 28. e5 h6 29. Ne4 Qe7 30. Rh5 Qxe5 31. Nxg5 Qf6+ 32. Bf5 Rxg5 33. Rh2 Kg7 34. Rgh1 Rg6 35. Ke2 Qe5+ 36. Kd2 Rf6 37. Kc2 Qxd5 38. a3 a5 39. Re1 Qf3 40. Re3 Qf4 41. Rg2 d5 42. Bd3 c6 43. g5 hxg5 44. Reg3 Re6 45. Rxg5+ Kf8 46. R5g4 Qf6 47. f4 Re1 48. Kd2 Rh1 49. Kc2 Rh4 50. Rg8+ Ke7 51. Re2+ Kd7 52. f5 Qh6 53. Rge8 Rh1 54. R8e7+ Kd6 55. Kb3 Qc1 56. a4 Qd1+ 57. Bc2 bxa4+ 58. Kxa4 Qa1+ 59. Kb3 a4+ 60. Kb4 Qxb2+ 0-1

[Event "Kitchener Winter op"]
[Site "Kitchener CAN"]
[Date "2008.02.16"]
[Round "3"]
[White "Brestoiu, Doina"]
[Black "Yuan, Yuanling"]
[Result "0-1"]
[WhiteElo "1946"]
[BlackElo "2194"]
[PlyCount "62"]
[GameId "2160767910413477"]
[EventDate "2008.02.15"]
[EventType "swiss"]
[EventRounds "5"]
[EventCountry "CAN"]
[SourceTitle "EXT 2011"]
[Source "ChessBase"]
[SourceDate "2011.11.26"]
[SourceVersion "1"]
[SourceVersionDate "2011.11.26"]
[SourceQuality "1"]

1. e4 c5 2. Nf3 d6 3. d4 cxd4 4. Nxd4 Nf6 5. Nc3 g6 6. Be3 Bg7 7. f3 Nc6 8. Bc4 O-O 9. Bb3 Bd7 10. Qd2 Rc8 11. h4 h5 12. Nde2 Ne5 13. Bh6 b5 14. Bxg7 Kxg7 15. Nd5 Nxd5 16. Bxd5 a5 17. a3 Qc7 18. O-O-O b4 19. axb4 axb4 20. Bb3 Qa5 21. Qd4 Kg8 22. Kd2 Qb5 23. Ra1 Rc5 24. Ra2 Rfc8 25. Rc1 Qb6 26. Kd1 Bb5 27. Qd2 Bc4 28. Bxc4 Nxc4 29. Qd3 Ra5 30. Qb3 Rxa2 31. Qxa2 Qf2 0-1

[Event "Kitchener Winter op"]
[Site "Kitchener CAN"]
[Date "2008.02.16"]
[Round "3"]
[White "Filipovich, David"]
[Black "Leu, Richard"]
[Result "1/2-1/2"]
[WhiteElo "2255"]
[BlackElo "1916"]
[PlyCount "51"]
[GameId "2160767910413479"]
[EventDate "2008.02.15"]
[EventType "swiss"]
[EventRounds "5"]
[EventCountry "CAN"]
[SourceTitle "EXT 2011"]
[Source "ChessBase"]
[SourceDate "2011.11.26"]
[SourceVersion "1"]
[SourceVersionDate "2011.11.26"]
[SourceQuality "1"]

1. Nf3 d5 2. g3 g6 3. Bg2 Bg7 4. d4 e6 5. O-O Ne7 6. c4 c6 7. Qc2 Nd7 8. Nbd2 Nf5 9. e3 b6 10. b3 O-O 11. Bb2 Bb7 12. e4 dxe4 13. Nxe4 c5 14. Rad1 Qc7 15. d5 e5 16. Rfe1 Rfe8 17. Bc1 h5 18. h4 a6 19. Bh3 Nd6 20. Nxd6 Qxd6 21. Bxd7 Qxd7 22. Bb2 Qd6 23. Re3 Re7 24. Rde1 Rae8 25. Qc3 f6 26. Nd2 1/2-1/2

[Event "Kitchener Winter op"]
[Site "Kitchener CAN"]
[Date "2008.02.16"]
[Round "3"]
[White "Lacau Rodean, Iulia"]
[Black "Nemati, Omid"]
[Result "1-0"]
[WhiteElo "1990"]
[BlackElo "1853"]
[PlyCount "21"]
[GameId "2160767910413480"]
[EventDate "2008.02.15"]
[EventType "swiss"]
[EventRounds "5"]
[EventCountry "CAN"]
[SourceTitle "EXT 2011"]
[Source "ChessBase"]
[SourceDate "2011.11.26"]
[SourceVersion "1"]
[SourceVersionDate "2011.11.26"]
[SourceQuality "1"]

1. e4 e5 2. Nf3 Nc6 3. Bb5 a6 4. Bxc6 dxc6 5. O-O f6 6. d3 Ne7 7. Be3 Ng6 8. Nbd2 Be6 9. Nb3 b6 10. Qd2 Bd6 11. d4 1-0

[Event "Kitchener Winter op"]
[Site "Kitchener CAN"]
[Date "2008.02.16"]
[Round "3"]
[White "Martchenko, Alexander"]
[Black "Dragusanu, George"]
[Result "1-0"]
[WhiteElo "2169"]
[BlackElo "1751"]
[PlyCount "93"]
[GameId "2160767910413481"]
[EventDate "2008.02.15"]
[EventType "swiss"]
[EventRounds "5"]
[EventCountry "CAN"]
[SourceTitle "EXT 2011"]
[Source "ChessBase"]
[SourceDate "2011.11.26"]
[SourceVersion "1"]
[SourceVersionDate "2011.11.26"]
[SourceQuality "1"]

1. e4 e5 2. f4 exf4 3. Nf3 g5 4. Bc4 g4 5. Ne5 Qh4+ 6. Kf1 Nc6 7. Nxf7 Bc5 8. Qe1 g3 9. c3 Bf2 10. Qd1 d5 11. exd5 f3 12. Qxf3 Qxc4+ 13. d3 Qg4 14. Qxg4 Bxg4 15. Nxh8 Ne5 16. hxg3 Nxd3 17. Rh4 h5 18. Bg5 Kd7 19. Rxg4 hxg4 20. Ke2 Nc5 21. Kxf2 Ne4+ 22. Ke3 Nxg5 23. Kf2 Nh7 24. Ng6 Nhf6 25. c4 Re8 26. Nc3 Kd6 27. b4 b6 28. Nb5+ Kd7 29. Ne5+ Kc8 30. Nxa7+ Kb7 31. Nac6 Rf8 32. Ke3 Nh5 33. Rh1 Nxg3 34. Rh8 Nf5+ 35. Kd3 Nd6 36. c5 bxc5 37. bxc5 Nb5 38. a4 Na7 39. Nxa7 Kxa7 40. Nc6+ Kb7 41. Ne7 Rf7 42. Nxg8 Rf2 43. Rh7 Rxg2 44. d6 Kc8 45. Ne7+ Kd8 46. Nc6+ Kc8 47. Rxc7# 1-0

[Event "Kitchener Winter op"]
[Site "Kitchener CAN"]
[Date "2008.02.16"]
[Round "3"]
[White "Mohammed, Ricardo"]
[Black "Drkulec, Vladimir"]
[Result "0-1"]
[WhiteElo "1934"]
[BlackElo "2132"]
[PlyCount "51"]
[GameId "2160767910413482"]
[EventDate "2008.02.15"]
[EventType "swiss"]
[EventRounds "5"]
[EventCountry "CAN"]
[SourceTitle "EXT 2011"]
[Source "ChessBase"]
[SourceDate "2011.11.26"]
[SourceVersion "1"]
[SourceVersionDate "2011.11.26"]
[SourceQuality "1"]

1. e4 e5 2. Nf3 Nc6 3. Bb5 a6 4. Ba4 Nf6 5. O-O b5 6. Bb3 Be7 7. d3 O-O 8. Re1 d6 9. a4 b4 10. Nbd2 Na5 11. Ba2 c5 12. Nf1 Nc6 13. Ng3 g6 14. Bh6 Bg4 15. Bxf8 Bxf8 16. h3 Bd7 17. Qd2 h6 18. c3 Rb8 19. d4 b3 20. Bb1 c4 21. Qe2 exd4 22. cxd4 Na5 23. e5 Nd5 24. Be4 Be8 25. Nd2 Qc7 26. Rec1 0-1

[Event "Kitchener Winter op"]
[Site "Kitchener CAN"]
[Date "2008.02.16"]
[Round "3"]
[White "Morrison, Kyle"]
[Black "Fiedler, Brian"]
[Result "1-0"]
[WhiteElo "2122"]
[BlackElo "2201"]
[PlyCount "77"]
[GameId "2160767910413483"]
[EventDate "2008.02.15"]
[EventType "swiss"]
[EventRounds "5"]
[EventCountry "CAN"]
[SourceTitle "EXT 2011"]
[Source "ChessBase"]
[SourceDate "2011.11.26"]
[SourceVersion "1"]
[SourceVersionDate "2011.11.26"]
[SourceQuality "1"]

1. d4 Nf6 2. Nf3 g6 3. c4 Bg7 4. Nc3 O-O 5. e4 d6 6. Be2 e5 7. O-O Nc6 8. d5 Ne7 9. b4 a5 10. bxa5 Rxa5 11. a4 Nd7 12. Ba3 h6 13. Nd2 f5 14. Nb3 Ra8 15. c5 Nf6 16. f3 g5 17. Nd2 f4 18. cxd6 cxd6 19. Nc4 Ne8 20. Qb3 Ng6 21. Nb6 Rb8 22. Rac1 Rf7 23. a5 Bf8 24. Nb5 h5 25. Nxc8 Rxc8 26. Rxc8 Qxc8 27. h3 Rg7 28. Rc1 Qd8 29. Qc3 Rd7 30. Bb4 Nh4 31. Qc4 Qf6 32. Rc3 Qg6 33. Qc8 Re7 34. Rc4 Qf7 35. Nxd6 Nxd6 36. Bxd6 Re8 37. Qc7 Bxd6 38. Qxd6 g4 39. Rc7 1-0

[Event "Kitchener Winter op"]
[Site "Kitchener CAN"]
[Date "2008.02.16"]
[Round "3"]
[White "Pryor, Jamieson"]
[Black "Miletic, Damir"]
[Result "1/2-1/2"]
[WhiteElo "1827"]
[BlackElo "2174"]
[PlyCount "61"]
[GameId "2160767910413485"]
[EventDate "2008.02.15"]
[EventType "swiss"]
[EventRounds "5"]
[EventCountry "CAN"]
[SourceTitle "EXT 2011"]
[Source "ChessBase"]
[SourceDate "2011.11.26"]
[SourceVersion "1"]
[SourceVersionDate "2011.11.26"]
[SourceQuality "1"]

1. e4 e5 2. Nf3 Nc6 3. Bb5 Nge7 4. O-O d6 5. d4 Bd7 6. dxe5 Nxe5 7. Nxe5 dxe5 8. Bc4 Nc6 9. Qf3 Qf6 10. Qxf6 gxf6 11. Be3 Nd4 12. Bxd4 exd4 13. Rd1 Bc5 14. c3 dxc3 15. Nxc3 c6 16. Bxf7+ Ke7 17. Bh5 Rag8 18. Rd3 Rg5 19. Rad1 Be6 20. Bf3 Rhg8 21. Na4 Bb4 22. a3 Ba5 23. b4 Bb6 24. Nxb6 axb6 25. g3 h5 26. h4 Rb5 27. Be2 Re5 28. Bf3 Rb5 29. Be2 Re5 30. Bf3 Rb5 31. Be2 1/2-1/2

[Event "Kitchener Winter op"]
[Site "Kitchener CAN"]
[Date "2008.02.16"]
[Round "3"]
[White "Raheb, David"]
[Black "Noritsyn, Nikolay"]
[Result "0-1"]
[WhiteElo "2253"]
[BlackElo "2463"]
[PlyCount "90"]
[GameId "2160767910413487"]
[EventDate "2008.02.15"]
[EventType "swiss"]
[EventRounds "5"]
[EventCountry "CAN"]
[SourceTitle "EXT 2011"]
[Source "ChessBase"]
[SourceDate "2011.11.26"]
[SourceVersion "1"]
[SourceVersionDate "2011.11.26"]
[SourceQuality "1"]

1. d4 Nf6 2. c4 c5 3. d5 d6 4. Nc3 g6 5. g3 Bg7 6. Bg2 O-O 7. Nf3 Na6 8. O-O Nc7 9. h3 Rb8 10. a4 a6 11. a5 b5 12. axb6 Rxb6 13. e4 e6 14. Nd2 Re8 15. Re1 h6 16. Ra3 exd5 17. exd5 Rxe1+ 18. Qxe1 Nd7 19. Rb3 Rxb3 20. Nxb3 Ne5 21. Nd2 Nd3 22. Qf1 Nxc1 23. Qxc1 Bf5 24. Nf1 Ne8 25. Ne3 Bc8 26. Kh2 h5 27. Ned1 Bd4 28. Ne2 Be5 29. f4 Bf6 30. Nf2 Bh8 31. b3 Ng7 32. Be4 Qe7 33. Ng1 Nf5 34. Bxf5 Bxf5 35. Qd1 Bd4 36. Qd2 h4 37. Nf3 hxg3+ 38. Kxg3 Qe3 39. Qxe3 Bxe3 40. Nd1 Bc1 41. Ne1 Kf8 42. h4 Ke7 43. Kf3 Bd2 44. Ke2 Bxf4 45. Nc3 Be4 0-1

[Event "Kitchener Winter op"]
[Site "Kitchener CAN"]
[Date "2008.02.16"]
[Round "3"]
[White "Sambuev, Bator"]
[Black "Inigo, Aquino"]
[Result "1-0"]
[WhiteElo "2530"]
[BlackElo "2081"]
[PlyCount "67"]
[GameId "2160767910413488"]
[EventDate "2008.02.15"]
[EventType "swiss"]
[EventRounds "5"]
[EventCountry "CAN"]
[SourceTitle "EXT 2011"]
[Source "ChessBase"]
[SourceDate "2011.11.26"]
[SourceVersion "1"]
[SourceVersionDate "2011.11.26"]
[SourceQuality "1"]

1. Nf3 d5 2. c4 e6 3. d4 Nf6 4. g3 Be7 5. Bg2 O-O 6. O-O c5 7. cxd5 Nxd5 8. e4 Nf6 9. Nc3 cxd4 10. Nxd4 e5 11. Ndb5 Nc6 12. Nd5 Bd7 13. Nxe7+ Nxe7 14. Nd6 Bc6 15. Bg5 Nc8 16. Nc4 Qxd1 17. Rfxd1 Nxe4 18. Be3 Re8 19. Na5 f5 20. Nxc6 bxc6 21. Bxe4 fxe4 22. Rac1 Ne7 23. Rc4 Kf7 24. Rxe4 Kf6 25. Rd6+ Kf7 26. Rxe5 Nd5 27. Rxe8 Rxe8 28. Rxc6 Nxe3 29. fxe3 Rxe3 30. Rc7+ Kf6 31. Rxa7 Re2 32. Rb7 g5 33. a4 Kf5 34. a5 1-0

[Event "Kitchener Winter op"]
[Site "Kitchener CAN"]
[Date "2008.02.16"]
[Round "3"]
[White "Sapozhnikov, Roman"]
[Black "Humphreys, Michael"]
[Result "0-1"]
[WhiteElo "2217"]
[BlackElo "1916"]
[PlyCount "74"]
[GameId "2160767910413489"]
[EventDate "2008.02.15"]
[EventType "swiss"]
[EventRounds "5"]
[EventCountry "CAN"]
[SourceTitle "EXT 2011"]
[Source "ChessBase"]
[SourceDate "2011.11.26"]
[SourceVersion "1"]
[SourceVersionDate "2011.11.26"]
[SourceQuality "1"]

1. e4 d6 2. d4 Nf6 3. Nc3 g6 4. Nf3 Bg7 5. Be3 Bg4 6. h3 Bxf3 7. Qxf3 Nc6 8. Bb5 Nd7 9. d5 Nd4 10. Bxd7+ Qxd7 11. Qd1 c5 12. Qd3 O-O 13. a4 Rab8 14. Ra2 b6 15. Nb5 c4 16. Qxc4 Rfc8 17. Qf1 Nxc2+ 18. Kd2 Nb4 19. Ra1 Rc2+ 20. Kd1 Bxb2 21. Rb1 a6 22. Qe1 Nd3 23. Qf1 Nb4 24. Qe1 a5 25. Bd2 Rbc8 26. Qe3 R8c5 27. Qb3 Qc8 28. Re1 Bc1 29. Bxb4 axb4 30. Re2 Rxe2 31. Kxe2 Rc2+ 32. Kd1 Rd2+ 33. Ke1 Qc5 34. Qf3 Qc2 35. Rxb4 Rd3 36. Qg4 Bd2+ 37. Kf1 Bxb4 0-1

[Event "Kitchener Winter op"]
[Site "Kitchener CAN"]
[Date "2008.02.17"]
[Round "4"]
[White "Becker, Paul"]
[Black "Mohammed, Ricardo"]
[Result "0-1"]
[WhiteElo "2083"]
[BlackElo "1934"]
[PlyCount "72"]
[GameId "2160767910413490"]
[EventDate "2008.02.15"]
[EventType "swiss"]
[EventRounds "5"]
[EventCountry "CAN"]
[SourceTitle "EXT 2011"]
[Source "ChessBase"]
[SourceDate "2011.11.26"]
[SourceVersion "1"]
[SourceVersionDate "2011.11.26"]
[SourceQuality "1"]

1. e4 c5 2. Nf3 d6 3. d4 cxd4 4. Nxd4 Nf6 5. Nc3 a6 6. Be2 e5 7. Nb3 Be7 8. O-O O-O 9. Kh1 Nc6 10. a4 Be6 11. f4 exf4 12. Rxf4 Ne5 13. Nd5 Ng6 14. Nxe7+ Qxe7 15. Rf1 Nxe4 16. Bf3 Bc4 17. Bxe4 Bxf1 18. Bf3 Bc4 19. Na5 Rae8 20. Bd2 Be2 21. Bxe2 Qxe2 22. Nxb7 Qxd1+ 23. Rxd1 Rb8 24. Nxd6 Rxb2 25. c4 Rd8 26. c5 Ne7 27. Be3 Nc6 28. h3 Ra2 29. Rb1 Rb8 30. Rb6 Rxb6 31. cxb6 Rxa4 32. Nc8 Ra1+ 33. Kh2 Rb1 34. Bf4 a5 35. Bc7 a4 36. Bd6 Rb3 0-1

[Event "Kitchener Winter op"]
[Site "Kitchener CAN"]
[Date "2008.02.17"]
[Round "4"]
[White "Dougherty, Michael"]
[Black "Martchenko, Alexander"]
[Result "0-1"]
[WhiteElo "2296"]
[BlackElo "2169"]
[PlyCount "62"]
[GameId "2160767910413491"]
[EventDate "2008.02.15"]
[EventType "swiss"]
[EventRounds "5"]
[EventCountry "CAN"]
[SourceTitle "EXT 2011"]
[Source "ChessBase"]
[SourceDate "2011.11.26"]
[SourceVersion "1"]
[SourceVersionDate "2011.11.26"]
[SourceQuality "1"]

1. d4 d5 2. Nf3 Nf6 3. c4 e6 4. Qc2 c6 5. g3 Be7 6. Bg2 O-O 7. O-O Nbd7 8. Nbd2 b6 9. e4 Ba6 10. Re1 Rc8 11. e5 Ne8 12. b3 Nc7 13. Bb2 c5 14. dxc5 Bxc5 15. Rad1 b5 16. cxd5 Nxd5 17. Qe4 h6 18. Bf1 Qb6 19. Nd4 Rfd8 20. N2f3 b4 21. Bc4 Bb7 22. Qg4 Nf8 23. Rd3 a5 24. h4 a4 25. bxa4 Nc3 26. a5 Qa7 27. Nxe6 Nxe6 28. Bxe6 Bxf2+ 29. Kh2 Bxe1 30. Nd4 fxe6 31. Qxe6+ Kh8 0-1

[Event "Kitchener Winter op"]
[Site "Kitchener CAN"]
[Date "2008.02.17"]
[Round "4"]
[White "Drkulec, Vladimir"]
[Black "Brestoiu, Doina"]
[Result "1-0"]
[WhiteElo "2132"]
[BlackElo "1946"]
[PlyCount "75"]
[GameId "2160767910413492"]
[EventDate "2008.02.15"]
[EventType "swiss"]
[EventRounds "5"]
[EventCountry "CAN"]
[SourceTitle "EXT 2011"]
[Source "ChessBase"]
[SourceDate "2011.11.26"]
[SourceVersion "1"]
[SourceVersionDate "2011.11.26"]
[SourceQuality "1"]

1. d4 d5 2. c4 c6 3. Nf3 Bf5 4. Nc3 e6 5. Bf4 Nd7 6. e3 Ngf6 7. Rc1 Qa5 8. a3 Be7 9. cxd5 cxd5 10. Be2 O-O 11. O-O Rac8 12. Nh4 Be4 13. Nf3 a6 14. Ne5 Bf5 15. g4 Nxe5 16. dxe5 Ne4 17. gxf5 Nxc3 18. Rxc3 Rxc3 19. bxc3 exf5 20. Qb1 b5 21. Qxf5 Qxc3 22. a4 bxa4 23. e6 Qf6 24. exf7+ Qxf7 25. Qxf7+ Kxf7 26. Be5 a3 27. Ra1 Ke6 28. Bd4 Rb8 29. Kf1 g6 30. Bxa6 Ra8 31. Bb7 Ra5 32. Bc8+ Kd6 33. Bg4 Kc6 34. Bd1 Kb5 35. Bc3 Ra7 36. Bb3 Rc7 37. Bd4 Rd7 38. Ba2 1-0

[Event "Kitchener Winter op"]
[Site "Kitchener CAN"]
[Date "2008.02.17"]
[Round "4"]
[White "Fiedler, Brian"]
[Black "Leu, Richard"]
[Result "1-0"]
[WhiteElo "2201"]
[BlackElo "1916"]
[PlyCount "85"]
[GameId "2160767910413493"]
[EventDate "2008.02.15"]
[EventType "swiss"]
[EventRounds "5"]
[EventCountry "CAN"]
[SourceTitle "EXT 2011"]
[Source "ChessBase"]
[SourceDate "2011.11.26"]
[SourceVersion "1"]
[SourceVersionDate "2011.11.26"]
[SourceQuality "1"]

1. d4 Nf6 2. c4 g6 3. Nc3 d5 4. cxd5 Nxd5 5. e4 Nxc3 6. bxc3 Bg7 7. Bc4 O-O 8. Ne2 c5 9. O-O Nc6 10. Be3 Bg4 11. f3 Na5 12. Bd3 cxd4 13. cxd4 Be6 14. d5 Bxa1 15. Qxa1 f6 16. Qd4 Bd7 17. Bh6 Re8 18. Rb1 b6 19. e5 Qc7 20. e6 Bc8 21. Qg4 Kh8 22. Nf4 Rg8 23. Re1 Qc5+ 24. Kh1 Bb7 25. Qh4 Qc8 26. Nxg6+ Rxg6 27. Bxg6 hxg6 28. Bf8+ Kg8 29. Bxe7 g5 30. Qh6 Qc2 31. Bxf6 Qh7 32. Qxg5+ Kf8 33. d6 Nc6 34. e7+ Ke8 35. d7+ Kxd7 36. Qd5+ Kc7 37. Be5+ Nxe5 38. Qxe5+ Kc6 39. Rc1+ Kd7 40. Rc7+ Ke8 41. Qb5+ Kf7 42. e8=Q+ Kf6 43. Qbe5# 1-0

[Event "Kitchener Winter op"]
[Site "Kitchener CAN"]
[Date "2008.02.17"]
[Round "4"]
[White "Fitzpatrick, Carson"]
[Black "France, Kyle"]
[Result "1-0"]
[WhiteElo "1167"]
[BlackElo "1232"]
[PlyCount "83"]
[GameId "2160767910413495"]
[EventDate "2008.02.15"]
[EventType "swiss"]
[EventRounds "5"]
[EventCountry "CAN"]
[SourceTitle "EXT 2011"]
[Source "ChessBase"]
[SourceDate "2011.11.26"]
[SourceVersion "1"]
[SourceVersionDate "2011.11.26"]
[SourceQuality "1"]

1. d4 e6 2. Nf3 d5 3. e3 c5 4. Be2 Nc6 5. O-O Nf6 6. c4 Be7 7. Nc3 O-O 8. a3 cxd4 9. Nxd4 e5 10. Nxc6 bxc6 11. cxd5 cxd5 12. b4 d4 13. Bf3 Rb8 14. Ne4 dxe3 15. Nxf6+ Bxf6 16. Be4 exf2+ 17. Kh1 Qb6 18. Qf3 Bb7 19. Be3 Qa6 20. Bxf2 Bxe4 21. Qxe4 Rfd8 22. Bg3 Qe6 23. Rae1 Rd4 24. Qxd4 exd4 25. Rxe6 d3 26. Bxb8 fxe6 27. Rd1 Bb2 28. Rxd3 a6 29. Bd6 g5 30. h3 h5 31. g4 hxg4 32. hxg4 Kg7 33. Kg2 Kf6 34. Rb3 Bc1 35. a4 Bf4 36. Bxf4 gxf4 37. Kf3 e5 38. Ke4 Kg5 39. b5 axb5 40. Rxb5 Kxg4 41. Rxe5 Kg3 42. Rg5+ 1-0

[Event "Kitchener Winter op"]
[Site "Kitchener CAN"]
[Date "2008.02.17"]
[Round "4"]
[White "Humphreys, Michael"]
[Black "Sambuev, Bator"]
[Result "0-1"]
[WhiteElo "1916"]
[BlackElo "2530"]
[PlyCount "68"]
[GameId "2160767910413496"]
[EventDate "2008.02.15"]
[EventType "swiss"]
[EventRounds "5"]
[EventCountry "CAN"]
[SourceTitle "EXT 2011"]
[Source "ChessBase"]
[SourceDate "2011.11.26"]
[SourceVersion "1"]
[SourceVersionDate "2011.11.26"]
[SourceQuality "1"]

1. Nf3 d5 2. g3 c5 3. Bg2 Nc6 4. O-O Nf6 5. d4 e6 6. c4 Be7 7. Nc3 O-O 8. cxd5 exd5 9. Bg5 cxd4 10. Nxd4 h6 11. Be3 Re8 12. Rc1 Bg4 13. Nxc6 bxc6 14. Bd4 Rb8 15. Na4 Qa5 16. f3 Bf5 17. a3 Nh7 18. Rf2 Nf8 19. b4 Qc7 20. e4 dxe4 21. fxe4 Bg6 22. e5 Red8 23. h4 Ne6 24. Rd2 Nxd4 25. Rxd4 Qxe5 26. Rxd8+ Rxd8 27. Qe1 Qd4+ 28. Kh1 Bf6 29. Bxc6 Qd3 30. Nc3 Rd4 31. Nb5 Be4+ 32. Bxe4 Rxe4 33. Qf1 Re2 34. Rc5 Qe4+ 0-1

[Event "Kitchener Winter op"]
[Site "Kitchener CAN"]
[Date "2008.02.17"]
[Round "4"]
[White "McDonald, Justin"]
[Black "Filipovich, David"]
[Result "1/2-1/2"]
[WhiteElo "2007"]
[BlackElo "2255"]
[PlyCount "68"]
[GameId "2160767910413497"]
[EventDate "2008.02.15"]
[EventType "swiss"]
[EventRounds "5"]
[EventCountry "CAN"]
[SourceTitle "EXT 2011"]
[Source "ChessBase"]
[SourceDate "2011.11.26"]
[SourceVersion "1"]
[SourceVersionDate "2011.11.26"]
[SourceQuality "1"]

1. e4 d5 2. exd5 Nf6 3. d4 Bg4 4. Nf3 Qxd5 5. Be2 Nc6 6. c4 Qh5 7. Be3 O-O-O 8. Ng5 Bxe2 9. Qxe2 Nxd4 10. Qxh5 Nc2+ 11. Ke2 Nxh5 12. Nxf7 Nxa1 13. Nxd8 Kxd8 14. Kd2 e5 15. Nc3 Nb3+ 16. axb3 Bb4 17. Kc2 Bxc3 18. bxc3 a6 19. b4 Kd7 20. Ra1 Rf8 21. Kd2 Rf6 22. Ra5 Rd6+ 23. Ke2 Ke6 24. g3 Nf6 25. f3 c6 26. h3 g6 27. Bc5 Rd7 28. Be3 Nh5 29. Bf2 Rf7 30. b5 axb5 31. cxb5 cxb5 32. Rxb5 Rc7 33. Kd3 Rd7+ 34. Ke2 Rc7 1/2-1/2